[Event "Oberliga Nord W 0708"]
[Site "Germany"]
[Date "2008.01.20"]
[Round "5.6"]
[White "Eschholz, Enno"]
[Black "Wall, Henrik"]
[Result "1-0"]
[WhiteElo "2178"]
[BlackElo "1927"]
[PlyCount "95"]
[EventDate "2007.10.21"]
[EventType "team-tourn"]
[EventRounds "9"]
[EventCountry "GER"]
[SourceTitle "EXT 2009"]
[Source "ChessBase"]
[SourceDate "2008.11.26"]
[SourceVersion "1"]
[SourceVersionDate "2008.11.26"]
[SourceQuality "1"]
[WhiteTeam "Oldenburg Union"]
[BlackTeam "Hannover Post"]
[WhiteTeamCountry "GER"]
[BlackTeamCountry "GER"]

1. e4 e5 2. Bc4 Nc6 3. Nc3 Nf6 4. d3 Bc5 5. f4 exf4 6. Bxf4 d6 7. Nf3 Bg4 8. Na4 Nh5 9. Nxc5 Nxf4 10. Qd2 Qf6 11. Nb3 Nxg2+ 12. Qxg2 Bxf3 13. Qf1 Bxh1 14. Qxh1 Qxb2 15. Kd2 Ne5 16. Bd5 c6 17. Rb1 Qa3 18. d4 Nd7 19. Bc4 Qb4+ 20. Kd3 b5 21. Nd2 bxc4+ 22. Nxc4 Qa4 23. Nxd6+ Kf8 24. e5 Rb8 25. Qf3 Qxa2 26. Rf1 Qd5 27. Qxf7+ Qxf7 28. Rxf7+ Kg8 29. Rxd7 h5 30. Nf5 Rh7 31. Ne7+ Kf8 32. Nxc6 Rc8 33. Nxa7 Re8 34. Nc6 Rh6 35. d5 Rg6 36. e6 Rg2 37. Ne5 Rxh2 38. e7+ Rxe7 39. Ng6+ Kf7 40. Nxe7 Ke8 41. Ra7 h4 42. Nc6 Rh1 43. Kd2 Rh2+ 44. Kc3 Rh1 45. Re7+ Kf8 46. d6 Rd1 47. d7 h3 48. Re8+ 1-0

[Event "GER-chT U20"]
[Site "Kelbra"]
[Date "2006.12.29"]
[Round "6.5"]
[White "Wall, Henrik"]
[Black "Richter, Dustin"]
[Result "1/2-1/2"]
[WhiteElo "1938"]
[BlackElo "1613"]
[PlyCount "135"]
[EventDate "2006.12.27"]
[EventType "team-swiss"]
[EventRounds "7"]
[EventCountry "GER"]
[SourceTitle "EXT 2008"]
[Source "ChessBase"]
[SourceDate "2007.11.25"]
[SourceVersion "1"]
[SourceVersionDate "2007.11.25"]
[SourceQuality "1"]
[WhiteTeam "Hannover Post U20"]
[BlackTeam "Sangerhausen U20"]
[WhiteTeamCountry "GER"]
[BlackTeamCountry "GER"]

1. e4 c5 2. Nf3 e6 3. b3 Nc6 4. Bb2 Nf6 5. e5 Nd5 6. Nc3 Nxc3 7. Bxc3 a6 8. a4 Be7 9. Bd3 0-0 10. Qe2 f6 11. h4 Nb4 12. Bxb4 cxb4 13. Ng5 f5 14. g4 Bxg5 15. hxg5 g6 16. gxf5 exf5 17. f4 d5 18. 0-0-0 Be6 19. Rh6 Rf7 20. Rdh1 Qf8 21. Qh2 Qg7 22. Be2 Rc7 23. Bh5 Bf7 24. Bd1 Be6 25. Qf2 Rc6 26. Qh2 Rc7 27. d3 Rac8 28. Qg1 Rc6 29. R1h2 b6 30. Qh1 R8c7 31. Bf3 Rd7 32. Kb1 a5 33. R6h3 b5 34. axb5 Rb6 35. Kc1 Rxb5 36. Kd2 Rc5 37. Qa1 Rdc7 38. Bd1 Ra7 39. d4 Rcc7 40. c3 Qe7 41. Ke1 bxc3 42. Rxc3 Qb4 43. Rhc2 Ra8 44. Ke2 Qxd4 45. Qc1 Rxc3 46. Rxc3 Bd7 47. Rc7 Bb5+ 48. Kf3 Qd3+ 49. Kf2 Qf1+ 50. Kg3 Qg1+ 51. Kf3 Ba6 52. e6 Qf1+ 53. Kg3 Qe1+ 54. Kg2 Qe4+ 55. Kg3 Re8 56. Bf3 Qd4 57. Qc5 Qd2 58. Bxd5 Qd3+ 59. Bf3 Rxe6 60. Qd5 Qe3 61. Qd8+ Re8 62. Qd5+ Kh8 63. Rxh7+ Kxh7 64. Qf7+ Kh8 65. Qf6+ Kg8 66. Qxg6+ Kh8 67. Qh6+ Kg8 68. Qg6+ 1/2-1/2

[Event "GER-chT Nord-West U20"]
[Site "Germany"]
[Date "2006.11.26"]
[Round "4.4"]
[White "Wall, Henrik"]
[Black "Held, Florian"]
[Result "1/2-1/2"]
[WhiteElo "1927"]
[BlackElo "2051"]
[PlyCount "127"]
[EventDate "2006.09.24"]
[EventType "team"]
[EventRounds "9"]
[EventCountry "GER"]
[SourceTitle "EXT 2008"]
[Source "ChessBase"]
[SourceDate "2007.11.25"]
[SourceVersion "1"]
[SourceVersionDate "2007.11.25"]
[SourceQuality "1"]

1. e4 e5 2. Nf3 Nc6 3. Bc4 Nf6 4. d3 Be7 5. Nc3 d6 6. 0-0 Na5 7. Bb3 0-0 8. Be3 Nxb3 9. axb3 c5 10. h3 Bd7 11. Nd2 Bc6 12. f4 exf4 13. Bxf4 d5 14. e5 Ne8 15. Qe2 Nc7 16. Nf3 Ne6 17. Bg3 Qd7 18. Rfd1 a6 19. Kh2 Rae8 20. d4 cxd4 21. Nxd4 Nxd4 22. Rxd4 Bc5 23. Rd2 Qe6 24. Rad1 d4 25. Ne4 Bxe4 26. Qxe4 Qb6 27. Kh1 Re6 28. Qd3 h6 29. Re2 Rfe8 30. Red2 R8e7 31. Qc4 Re8 32. Re2 Kh7 33. Bf2 Kg8 34. Bxd4 Bxd4 35. Rxd4 Rxe5 36. Rd7 Qf6 37. Rxe5 Rxe5 38. Rd1 Qe7 39. Qc8+ Kh7 40. Qc3 Re3 41. Qd2 Re2 42. Qd3+ g6 43. Rf1 Re1 44. Qf3 Rxf1+ 45. Qxf1 Qc7 46. c3 Qd7 47. Qf3 Qe7 48. Qd5 Kg7 49. Qd4+ Kh7 50. b4 Qe1+ 51. Kh2 Qe7 52. b3 Qc7+ 53. Kh1 Qg3 54. Kg1 Kg8 55. Qc5 Kg7 56. b5 axb5 57. Qxb5 Qxc3 58. Qxb7 Qe1+ 59. Kh2 Qe5+ 60. g3 Qb2+ 61. Kg1 Qc1+ 62. Kh2 Qb2+ 63. Kh1 Qb1+ 64. Kh2 1/2-1/2

[Event "Niedersachsen-ch U16"]
[Site "Rotenburg/Wuemme"]
[Date "2006.04.12"]
[Round "6"]
[White "Wall, Henrik"]
[Black "Sauer, Norwin"]
[Result "1/2-1/2"]
[WhiteElo "1925"]
[BlackElo "1812"]
[PlyCount "30"]
[EventDate "2006.04.08"]
[EventType "swiss"]
[EventRounds "9"]
[EventCountry "GER"]
[SourceTitle "EXT 2007"]
[Source "ChessBase"]
[SourceDate "2006.11.23"]
[SourceVersion "1"]
[SourceVersionDate "2006.11.23"]
[SourceQuality "1"]

1. e4 e6 2. d4 d5 3. exd5 exd5 4. Bd3 Bd6 5. Ne2 Nc6 6. Nbc3 Be6 7. Be3 a6 8. a3 Nge7 9. Qd2 0-0 10. 0-0 Ng6 11. Ng3 f5 12. f4 Nce7 13. Nce2 b6 14. b3 c5 15. c4 Qd7 1/2-1/2

[Event "GER-chT U20"]
[Site "Berlin"]
[Date "2005.12.29"]
[Round "6.6"]
[White "Hermann, Ingo"]
[Black "Wall, Henrik"]
[Result "0-1"]
[WhiteElo "2007"]
[BlackElo "1878"]
[PlyCount "112"]
[EventDate "2005.12.27"]
[EventType "team-swiss"]
[EventRounds "7"]
[EventCountry "GER"]
[SourceTitle "EXT 2022"]
[Source "ChessBase"]
[SourceDate "2021.10.06"]
[SourceVersion "1"]
[SourceVersionDate "2021.10.06"]
[SourceQuality "1"]
[WhiteTeam "Erfurt Medizin U20"]
[BlackTeam "Hannover Post U20"]
[WhiteTeamCountry "GER"]
[BlackTeamCountry "GER"]

1. e4 e5 2. Nf3 Nc6 3. Nc3 Nf6 4. Bb5 Bb4 5. 0-0 d6 6. d3 Bg4 7. Nd5 Nxd5 8. exd5 a6 9. Bxc6+ bxc6 10. dxc6 Qf6 11. c3 Bc5 12. Be3 Rb8 13. Bxc5 dxc5 14. Qe2 Bxf3 15. gxf3 0-0 16. Rab1 Qg6+ 17. Kh1 Qxc6 18. Qe4 Qd6 19. Rfe1 f6 20. b3 Rbe8 21. Rbd1 f5 22. Qe2 Re6 23. Rd2 Rfe8 24. Qd1 Rh6 25. Re3 Ree6 26. f4 exf4 27. Rxe6 Qxe6 28. Qe2 Qd5+ 29. f3 Re6 30. Qd1 Re3 31. Kg2 g5 32. d4 c4 33. bxc4 Qxc4 34. Qb3 Qxb3 35. axb3 Rxc3 36. Ra2 Rxb3 37. Rxa6 Rb4 38. Rf6 Rxd4 39. Rxf5 h6 40. h4 gxh4 41. Kh3 Rc4 42. Kxh4 Kg7 43. Kh5 c6 44. Ra5 Kf6 45. Ra8 Ke5 46. Kg4 h5+ 47. Kxh5 Kd4 48. Re8 c5 49. Kg4 Kd3 50. Rd8+ Rd4 51. Ra8 c4 52. Kf5 c3 53. Ra3 Kd2 54. Ke5 Rb4 55. Ra8 c2 56. Rd8+ Kc1 0-1

[Event "GER-chT U20"]
[Site "Berlin"]
[Date "2005.12.28"]
[Round "4.6"]
[White "Wall, Henrik"]
[Black "Foerster, Matthias"]
[Result "1-0"]
[WhiteElo "1878"]
[BlackElo "1669"]
[PlyCount "87"]
[EventDate "2005.12.27"]
[EventType "team-swiss"]
[EventRounds "7"]
[EventCountry "GER"]
[SourceTitle "EXT 2022"]
[Source "ChessBase"]
[SourceDate "2021.10.06"]
[SourceVersion "1"]
[SourceVersionDate "2021.10.06"]
[SourceQuality "1"]
[WhiteTeam "Hannover Post U20"]
[BlackTeam "Heep U20"]
[WhiteTeamCountry "GER"]
[BlackTeamCountry "GER"]

1. e4 c5 2. Nf3 Nc6 3. Bb5 e6 4. Bxc6 bxc6 5. c4 Ne7 6. Nc3 Ng6 7. 0-0 e5 8. d3 d6 9. Be3 Be7 10. a3 a5 11. Qa4 Bd7 12. Ne2 0-0 13. Ng3 Qb6 14. Rab1 Rfb8 15. Bd2 Qb3 16. Qxb3 Rxb3 17. Bc3 a4 18. Nd2 Rbb8 19. Ne2 f5 20. g3 f4 21. f3 Rf8 22. Kg2 Be6 23. b4 axb3 24. Rxb3 d5 25. Rfb1 d4 26. Bb2 Rfb8 27. Bc1 Bd6 28. Rxb8+ Rxb8 29. Rxb8+ Bxb8 30. Nb3 Bd6 31. gxf4 exf4 32. a4 Kf7 33. Ba3 Ne5 34. Bxc5 Bxc5 35. Nxc5 g5 36. Nxd4 Bc8 37. a5 Ke7 38. a6 Nd7 39. a7 Nb6 40. Na4 Na8 41. Nxc6+ Kd6 42. Na5 Bd7 43. c5+ Ke7 44. Nb6 1-0

[Event "GER-chT U20"]
[Site "Berlin"]
[Date "2005.12.27"]
[Round "2.5"]
[White "Fuhrmann, Marc Andre"]
[Black "Wall, Henrik"]
[Result "0-1"]
[WhiteElo "1993"]
[BlackElo "1878"]
[PlyCount "72"]
[EventDate "2005.12.27"]
[EventType "team-swiss"]
[EventRounds "7"]
[EventCountry "GER"]
[SourceTitle "EXT 2022"]
[Source "ChessBase"]
[SourceDate "2021.10.06"]
[SourceVersion "1"]
[SourceVersionDate "2021.10.06"]
[SourceQuality "1"]
[WhiteTeam "Bochum SG 31 U20"]
[BlackTeam "Hannover Post U20"]
[WhiteTeamCountry "GER"]
[BlackTeamCountry "GER"]

1. d4 Nf6 2. Nf3 c5 3. d5 d6 4. c4 e6 5. Nc3 exd5 6. cxd5 g6 7. e4 Bg7 8. Be2 0-0 9. 0-0 Re8 10. Nd2 Nbd7 11. Qc2 a6 12. a4 b6 13. f4 Bb7 14. Bf3 Qc7 15. Nc4 b5 16. axb5 Nb6 17. Nxb6 Qxb6 18. Kh1 axb5 19. Rxa8 Bxa8 20. Qd3 c4 21. Be3 cxd3 22. Bxb6 b4 23. Nb5 Nxe4 24. Nc7 Nd2 25. Rd1 Re7 26. Nxa8 Nc4 27. b3 Nb2 28. Rf1 d2 29. Bf2 Nd3 30. Bg3 Bd4 31. h3 Ra7 32. Rd1 Be3 33. Nb6 Bxb6 34. Rxd2 Nc1 35. Rb2 Ra1 36. Be4 Nd3+ 0-1

[Event "Niedersachsen-ch U16"]
[Site "Rotenburg/Wuemme"]
[Date "2005.03.23"]
[Round "7"]
[White "Kaphle, Sebastian"]
[Black "Wall, Henrik"]
[Result "1-0"]
[WhiteElo "1722"]
[BlackElo "1886"]
[PlyCount "45"]
[EventDate "2005.03.19"]
[EventType "swiss"]
[EventRounds "9"]
[EventCountry "GER"]
[SourceTitle "EXT 2007"]
[Source "ChessBase"]
[SourceDate "2006.11.23"]
[SourceVersion "1"]
[SourceVersionDate "2006.11.23"]
[SourceQuality "1"]

1. e4 e5 2. Nf3 Nc6 3. Bc4 Bc5 4. b4 Bxb4 5. c3 Ba5 6. d4 exd4 7. 0-0 d6 8. cxd4 Bg4 9. Qb3 Bxf3 10. Qxf3 Qd7 11. Bb2 Nh6 12. Na3 f6 13. Qb3 Nd8 14. e5 fxe5 15. dxe5 Kf8 16. exd6 cxd6 17. Nb5 Nhf7 18. Rad1 Bc7 19. Ba3 a6 20. Nd4 b5 21. Bd5 Ra7 22. Rfe1 Ne5 23. Rxe5 1-0

[Event "Niedersachsen-ch U16"]
[Site "Rotenburg/Wuemme"]
[Date "2005.03.22"]
[Round "5"]
[White "Sauer, Norwin"]
[Black "Wall, Henrik"]
[Result "1/2-1/2"]
[WhiteElo "1692"]
[BlackElo "1886"]
[PlyCount "90"]
[EventDate "2005.03.19"]
[EventType "swiss"]
[EventRounds "9"]
[EventCountry "GER"]
[SourceTitle "EXT 2007"]
[Source "ChessBase"]
[SourceDate "2006.11.23"]
[SourceVersion "1"]
[SourceVersionDate "2006.11.23"]
[SourceQuality "1"]

1. d4 Nf6 2. Nf3 e6 3. e3 c5 4. c3 d5 5. Bd3 Nc6 6. Nbd2 Bd6 7. 0-0 0-0 8. dxc5 Bxc5 9. e4 Qc7 10. Qe2 Bd6 11. Re1 dxe4 12. Nxe4 Nxe4 13. Bxe4 h6 14. h3 Bd7 15. Be3 Ne7 16. Rad1 Bc6 17. Bxc6 Nxc6 18. Nd4 Nxd4 19. Bxd4 Rfd8 20. Rd3 b6 21. Red1 Kf8 22. Qe4 Qe7 23. Qh7 f6 24. Be3 Bc7 25. Rxd8+ Rxd8 26. Rxd8+ Qxd8 27. Qh8+ Kf7 28. Qxd8 Bxd8 29. c4 Be7 30. a3 Ke8 31. Kf1 Kd7 32. Ke2 Kc6 33. Kd3 a5 34. Kc3 h5 35. b4 axb4+ 36. axb4 b5 37. f3 f5 38. Bd4 g6 39. Be5 g5 40. g4 fxg4 41. fxg4 hxg4 42. hxg4 bxc4 43. Kxc4 Bxb4 44. Kxb4 Kd5 45. Bf6 Ke4 1/2-1/2

[Event "Niedersachsen-ch U16"]
[Site "Rotenburg/Wuemme"]
[Date "2005.03.21"]
[Round "4"]
[White "Wall, Henrik"]
[Black "Baisakow, Alexander"]
[Result "1/2-1/2"]
[WhiteElo "1886"]
[BlackElo "2031"]
[PlyCount "61"]
[EventDate "2005.03.19"]
[EventType "swiss"]
[EventRounds "9"]
[EventCountry "GER"]
[SourceTitle "EXT 2007"]
[Source "ChessBase"]
[SourceDate "2006.11.23"]
[SourceVersion "1"]
[SourceVersionDate "2006.11.23"]
[SourceQuality "1"]

1. e4 c5 2. Nf3 Nc6 3. Bb5 g6 4. 0-0 Bg7 5. Re1 Qb6 6. Bxc6 Qxc6 7. Nc3 Nf6 8. d4 d6 9. e5 Nd5 10. exd6 e6 11. Nxd5 Qxd5 12. dxc5 Qxc5 13. Be3 Qb5 14. Bd4 f6 15. Qe2 Qxe2 16. Rxe2 e5 17. c4 Bg4 18. c5 Kd7 19. Bc3 a5 20. b4 axb4 21. Bxb4 Be6 22. a3 Bc4 23. Rc2 Bd3 24. Rd2 e4 25. Ne1 Bb5 26. Nc2 f5 27. Rc1 Bh6 28. Ne3 Bxe3 29. fxe3 Rhc8 30. Rdc2 Rf8 31. g3 1/2-1/2

[Event "GER-ch U14"]
[Site "Willingen"]
[Date "2004.05.30"]
[Round "3"]
[White "Bastian, Ruben"]
[Black "Wall, Henrik"]
[Result "1-0"]
[WhiteElo "1421"]
[BlackElo "1712"]
[PlyCount "49"]
[EventDate "2004.06.??"]
[EventType "swiss"]
[EventRounds "9"]
[EventCountry "GER"]
[SourceTitle "EXT 2005"]
[Source "ChessBase"]
[SourceDate "2004.11.15"]
[SourceVersion "1"]
[SourceVersionDate "2004.11.15"]
[SourceQuality "1"]

1. e4 e5 2. Nf3 Nc6 3. Bc4 Bc5 4. c3 Nf6 5. d3 d6 6. 0-0 Bg4 7. Nbd2 a6 8. Bb3 0-0 9. Re1 Re8 10. h3 Bh5 11. Nf1 b5 12. Ng3 Bxf3 13. Qxf3 h6 14. Nf5 Kh7 15. Qg3 g5 16. Bxf7 Rf8 17. Bb3 Nh5 18. Qg4 Nf4 19. Bxf4 exf4 20. Bd5 Qd7 21. Nxh6 Qe8 22. Nf5 Ne5 23. Qxg5 Qg6 24. Qh4+ Qh5 25. Qxh5# 1-0

[Event "Niedersachsen-ch U14"]
[Site "Borkum"]
[Date "2004.04.08"]
[Round "8"]
[White "Torwelle, Marcel"]
[Black "Wall, Henrik"]
[Result "0-1"]
[WhiteElo "1491"]
[BlackElo "1695"]
[PlyCount "60"]
[EventDate "2004.04.??"]
[EventType "swiss"]
[EventRounds "9"]
[EventCountry "GER"]
[SourceTitle "EXT 2005"]
[Source "ChessBase"]
[SourceDate "2004.11.15"]
[SourceVersion "1"]
[SourceVersionDate "2004.11.15"]
[SourceQuality "1"]

1. Nf3 Nf6 2. g3 d5 3. Bg2 Bg4 4. 0-0 Nbd7 5. d4 e6 6. c4 Be7 7. Nc3 c6 8. Qb3 Qb6 9. Qxb6 axb6 10. Nd2 Bb4 11. Re1 0-0 12. a3 Rfd8 13. Rb1 Bxc3 14. bxc3 Bf5 15. Ra1 Ne4 16. Nxe4 Bxe4 17. Bxe4 dxe4 18. Rd1 Ra4 19. d5 Nf6 20. Bg5 exd5 21. cxd5 Rxd5 22. Bxf6 Rxd1+ 23. Rxd1 gxf6 24. Ra1 b5 25. Kf1 c5 26. Ke1 b4 27. Kd2 Rxa3 28. Rxa3 bxa3 29. Kc2 b5 30. Kb3 b4 0-1

[Event "Niedersachsen-ch U14"]
[Site "Borkum"]
[Date "2004.04.03"]
[Round "1"]
[White "Wall, Henrik"]
[Black "Walther, Jonas"]
[Result "1-0"]
[WhiteElo "1695"]
[BlackElo "1403"]
[PlyCount "83"]
[EventDate "2004.04.??"]
[EventType "swiss"]
[EventRounds "9"]
[EventCountry "GER"]
[SourceTitle "EXT 2005"]
[Source "ChessBase"]
[SourceDate "2004.11.15"]
[SourceVersion "1"]
[SourceVersionDate "2004.11.15"]
[SourceQuality "1"]

1. e4 e5 2. Nf3 Nf6 3. Nxe5 Nxe4 4. Qe2 d5 5. d3 Qe7 6. dxe4 Qxe5 7. exd5 Bd6 8. Qxe5+ Bxe5 9. Bb5+ Bd7 10. Bxd7+ Nxd7 11. 0-0 0-0-0 12. c4 Nb6 13. Na3 Rhe8 14. Rb1 Bd4 15. Nc2 Bf6 16. Ne3 Na4 17. b3 Nc5 18. Bb2 Bxb2 19. Rxb2 Nd3 20. Rd2 Nc5 21. Rfd1 Ne4 22. Rd3 Nc5 23. Rd4 Ne4 24. Kf1 Nc3 25. R1d2 Ne4 26. R2d3 Nc5 27. Rd1 Ne4 28. b4 Nc3 29. R1d2 Re4 30. Rxe4 Nxe4 31. Rd4 Nc3 32. a3 b5 33. Rd3 Na4 34. c5 Nb2 35. Rd2 Nc4 36. Nxc4 bxc4 37. Ke2 c3 38. Rd4 Re8+ 39. Kd1 c2+ 40. Kxc2 Re2+ 41. Rd2 Rxd2+ 42. Kxd2 1-0

[Event "Hannover-ch op"]
[Site "Hannover"]
[Date "2003.10.25"]
[Round "5"]
[White "Wall, Henrik"]
[Black "Lubetzky, Tanja"]
[Result "1-0"]
[WhiteElo "1702"]
[BlackElo "1236"]
[PlyCount "45"]
[EventDate "2003.10.23"]
[EventType "swiss"]
[EventRounds "7"]
[EventCountry "GER"]
[SourceTitle "EXT 2021"]
[Source "ChessBase"]
[SourceDate "2020.10.23"]
[SourceVersion "1"]
[SourceVersionDate "2020.10.23"]
[SourceQuality "1"]

1. e4 e5 2. Nf3 Nc6 3. Bc4 Bc5 4. c3 Nf6 5. d4 exd4 6. cxd4 Bb4+ 7. Bd2 Bxd2+ 8. Nbxd2 d5 9. exd5 Nxd5 10. 0-0 0-0 11. Re1 Nb6 12. Qb3 Nxc4 13. Qxc4 Bg4 14. Re3 Qd7 15. Rae1 Rad8 16. d5 Qxd5 17. Qxg4 Qxa2 18. Nc4 b5 19. Nce5 Nxe5 20. Nxe5 Qxb2 21. Nd7 Rfe8 22. Rxe8+ Rxe8 23. Rxe8# 1-0

[Event "Hannover-ch op"]
[Site "Hannover"]
[Date "2003.10.24"]
[Round "3"]
[White "Wall, Henrik"]
[Black "Lieberum, Bodo"]
[Result "1-0"]
[WhiteElo "1702"]
[BlackElo "1280"]
[PlyCount "55"]
[EventDate "2003.10.23"]
[EventType "swiss"]
[EventRounds "7"]
[EventCountry "GER"]
[SourceTitle "EXT 2021"]
[Source "ChessBase"]
[SourceDate "2020.10.23"]
[SourceVersion "1"]
[SourceVersionDate "2020.10.23"]
[SourceQuality "1"]

1. e4 e5 2. Nf3 Nc6 3. Bc4 Bc5 4. c3 d6 5. d4 exd4 6. cxd4 Bb4+ 7. Bd2 Bxd2+ 8. Nbxd2 Bg4 9. Qa4 Bd7 10. Qc2 Qf6 11. Qc3 Nge7 12. 0-0 0-0 13. Rfe1 Ng6 14. Re3 Nf4 15. Rae1 Bh3 16. Bf1 Bg4 17. d5 Qxc3 18. Rxc3 Ne5 19. Nxe5 dxe5 20. Rxc7 b6 21. h3 Rfc8 22. Rec1 Rxc7 23. Rxc7 Be2 24. g3 Bxf1 25. Kxf1 Nxh3 26. Nf3 h6 27. d6 f6 28. d7 1-0

[Event "Niedersachsen-chT U12"]
[Site "Verden"]
[Date "2002.06.15"]
[Round "2.3"]
[White "Flauss, Jessica"]
[Black "Wall, Henrik"]
[Result "0-1"]
[WhiteElo "571"]
[BlackElo "1456"]
[PlyCount "48"]
[EventDate "2002.06.15"]
[EventType "team"]
[EventRounds "7"]
[EventCountry "GER"]
[SourceTitle "EXT 2003"]
[Source "ChessBase"]
[SourceDate "2002.11.25"]
[SourceVersion "1"]
[SourceVersionDate "2002.11.25"]
[SourceQuality "1"]

1. e4 e5 2. Nf3 Nc6 3. Bc4 Bc5 4. Nc3 Nf6 5. d3 d6 6. Bg5 h6 7. Bh4 Be6 8. Bxe6 fxe6 9. h3 0-0 10. g4 Qe8 11. g5 Nd7 12. gxh6 gxh6 13. Rg1+ Kh7 14. Ke2 Qh5 15. Rg3 Nd4+ 16. Ke3 Nxf3+ 17. Ke2 Nxh4+ 18. Kd2 Rxf2+ 19. Kc1 Qxd1+ 20. Kxd1 Rf1+ 21. Ke2 Rxa1 22. Nb5 Bb6 23. Rg4 Rf8 24. Rxh4 Rf2# 0-1

[Event "Niedersachsen-chT U12"]
[Site "Verden"]
[Date "2001.05.25"]
[Round "4.3"]
[White "Wall, Henrik"]
[Black "Schulte Wuelwer, Tobias"]
[Result "1-0"]
[WhiteElo "1055"]
[BlackElo "937"]
[PlyCount "71"]
[EventDate "2001.05.??"]
[EventType "team"]
[EventRounds "7"]
[EventCountry "GER"]
[SourceTitle "EXT 2003"]
[Source "ChessBase"]
[SourceDate "2002.11.25"]
[SourceVersion "1"]
[SourceVersionDate "2002.11.25"]
[SourceQuality "1"]

1. e4 e5 2. Nf3 Nc6 3. Bb5 Nf6 4. 0-0 Bc5 5. Re1 d5 6. Bxc6+ bxc6 7. Nxe5 Nxe4 8. d4 Bb4 9. Nxc6 Qd6 10. Nxb4 Qxb4 11. c3 Qd6 12. f3 Qg6 13. fxe4 dxe4 14. Qe2 Bb7 15. Bf4 Rc8 16. Nd2 f5 17. b4 0-0 18. c4 Rfe8 19. d5 c6 20. d6 Rcd8 21. Qe3 a6 22. Nb3 Bc8 23. Nc5 h6 24. Red1 Qf7 25. Rac1 Qa7 26. Qg3 Kh7 27. Rc3 Bd7 28. Be3 Qa8 29. Qh3 f4 30. Nxd7 fxe3 31. Rxe3 Qb7 32. Nc5 Qxb4 33. d7 Re7 34. Nxe4 a5 35. a3 Qxc4 36. Ng5+ 1-0

[Event "Niedersachsen-ch U12"]
[Site "Rotenburg"]
[Date "2001.04.10"]
[Round "5"]
[White "Venkata Ramani, Varun"]
[Black "Wall, Henrik"]
[Result "1-0"]
[WhiteElo "1154"]
[BlackElo "1003"]
[PlyCount "53"]
[EventDate "2001.04.??"]
[EventType "swiss"]
[EventRounds "9"]
[EventCountry "GER"]
[SourceTitle "EXT 2003"]
[Source "ChessBase"]
[SourceDate "2002.11.25"]
[SourceVersion "1"]
[SourceVersionDate "2002.11.25"]
[SourceQuality "1"]

1. e4 e5 2. Nc3 Nc6 3. d3 d6 4. f4 Be7 5. Nf3 Nf6 6. Be3 0-0 7. Qd2 Be6 8. f5 Bd7 9. 0-0-0 Ng4 10. Kb1 Nxe3 11. Qxe3 g6 12. fxg6 fxg6 13. h4 Bg4 14. Be2 Bxf3 15. Bxf3 Bxh4 16. Qh6 g5 17. g3 Rxf3 18. gxh4 gxh4 19. Rdg1+ Rg3 20. Rxg3+ hxg3 21. Qxh7+ Kf8 22. Rf1+ Qf6 23. Rxf6+ Ke8 24. Rg6 Ne7 25. Re6 Kf8 26. Rxe7 g2 27. Qg7# 1-0